Planète Star Wars - Statistiques

Statistiques générales
  • Ce quiz a été pris 163 fois
  • Le résultat moyen est 7 sur 11
Answers on the Grid
Answers color-coded by a green-red scale on the quiz's grid according to % correct below.
Endor
Exegol
Terre
Tatooine
Jupiter
Soleil 45 - KL
Ylom - nh
Coruscant
Nabo 4
Kamino
Corellia
Neptune
Felucia
Hoth
Vezil
Cloud p
Andor
Alderaan
Dagobah
Mustafar
Uranus
Mercurochrome
Mercure
Terre 316
 
Statistiques - réponses
Réponse % Correct
Mustafar
72%
Tatooine
71%
Dagobah
70%
Endor
68%
Hoth
68%
Kamino
67%
Alderaan
65%
Coruscant
64%
Exegol
52%
Corellia
50%
Felucia
48%
Aucun quiz correspondant
Distribution des résultats
% des personnes avec chaque résultat
Percentile par nombre de réponses
Votre historique - résultats
Vous n’avez pas pris ce quiz